000 00381nam a2200157Ia 4500
003 GCL
008 140319s9999 xx 000 0 ara d
040 _aGCL /
_cGCL
082 0 4 _a813.03
_bح ن
100 1 _aحنا مينة
245 1 0 _aنهاية رجل شجاع /
_cحنا مينة
300 _a407 ص
490 _a
650 0 4 _aالادب العربى
942 _2ddc
_cBK
999 _c41517
_d41517